Central Library OPAC University of Rajshahi

Balzac / (Record no. 22551)

MARC details
000 -LEADER
fixed length control field 00847cam a2200277 4500
001 - CONTROL NUMBER
control field 22551
003 - CONTROL NUMBER IDENTIFIER
rucl marc code BD-RjUL
005 - DATE AND TIME OF LATEST TRANSACTION
control field 20211209000824.0
008 - FIXED-LENGTH DATA ELEMENTS--GENERAL INFORMATION
fixed length control field 140308r1973 nyua b 001 0beng
020 ## - INTERNATIONAL STANDARD BOOK NUMBER
International Standard Book Number 039448357X
035 ## - SYSTEM CONTROL NUMBER
System control number (BD-RjUL)22616
040 ## - CATALOGING SOURCE
Original cataloging agency DLC
Transcribing agency DLC
Modifying agency BD-RjUL
Language of cataloging eng
041 ## - LANGUAGE CODE
Language code of text/sound track or separate title eng
082 00 - DEWEY DECIMAL CLASSIFICATION NUMBER
Classification number 843.7
Author mark and year PRB 1973
100 1# - MAIN ENTRY--PERSONAL NAME
Personal name Pritchett, V. S.
Fuller form of name (Victor Sawdon),
Dates associated with a name 1900-1997.
9 (RLIN) 63776
245 00 - TITLE STATEMENT
Title Balzac /
Statement of responsibility, etc. V. S. Pritchett.
250 ## - EDITION STATEMENT
Edition statement 1st American ed.
260 ## - PUBLICATION, DISTRIBUTION, ETC. (IMPRINT)
Place of publication, distribution, etc. New York,
Name of publisher, distributor, etc. Knopf; [distributed by Random House]
Date of publication, distribution, etc. 1973.
300 ## - PHYSICAL DESCRIPTION
Pagination 272 p. :
Illustrations illus. (part col.) ;
Size 27 cm.
504 ## - BIBLIOGRAPHY, ETC. NOTE
Bibliography, etc Bibliography: p. 264-265.
600 10 - SUBJECT ADDED ENTRY--PERSONAL NAME
Personal name Balzac, Honoré de,
Dates associated with a name 1799-1850.
650 #0 - SUBJECT ADDED ENTRY--TOPICAL TERM
Topical term or geographic name as entry element Novelists, French
Chronological subdivision 19th century
General subdivision Biography.
9 (RLIN) 69619
942 ## - ADDED ENTRY ELEMENTS (KOHA)
Source of classification or shelving scheme Dewey Decimal Classification
Koha item type Books
Holdings
Lost status Source of classification or shelving scheme Damaged status Not for loan Collection code Permanent Location Current Location Shelving location Date acquired Source of acquisition Cost, normal purchase price Total Checkouts Full call number Date last seen Copy number Koha item type
  Dewey Decimal Classification   Added to bundle Non-fiction Central Library, University of Rajshahi Central Library, University of Rajshahi Reading Room 26/05/1975 Prothoma prokashan, 5.00   843.7 PRB 1973 08/03/2014 C-1 Books